| 000 | 01532nkm a2200313 i 4500 | ||
|---|---|---|---|
| 001 | 3019 | ||
| 003 | ES-MaACL | ||
| 005 | 20251012191016.0 | ||
| 007 | khrbo | ||
| 008 | 041108s1981 sp --- g |001||spa d | ||
| 100 | 0 |
_aAlfonso, _d1902-1990 _919858 |
|
| 245 | 1 | 0 |
_aPresentación del libro "Teoría de la transición política en España (1973-1978)" de Luis García San Miguel [ _hFotografía] / _cAlfonso (sello). |
| 260 |
_a[S.l. : _bs.n.], _c1981. |
||
| 300 |
_a6 fot. : _bb. y n. ; _c12 x 18 cm. |
||
| 500 | _aDatos basados en invitación. | ||
| 511 | 0 | _aIntervienen: Íñigo Cavero Lataillade, Eugenio Nasarre, Ignacio Sotelo, Joaquín Ruiz-Giménez, Miguel Martínez Cuadrado, Fernando Chueca Goitia. | |
| 518 | _aActo organizado por la Sección de Ciencias Morales y Políticas del Ateneo de Madrid, celebrado en el salón de actos el jueves 2 de julio de 1981, a las 20:00 h. | ||
| 600 | 0 | 4 |
_aCavero Lataillade, Íñigo, _d1929-2002 _937188 |
| 600 | 1 | 4 |
_aNasarre, Eugenio. _984958 |
| 600 | 1 | 4 |
_aSotelo, Ignacio. _9107458 |
| 600 | 1 | 4 |
_aRuiz-Giménez, Joaquín, _d1913-2009 _9100820 |
| 600 | 1 | 4 |
_aMartínez Cuadrado, Miguel. _977963 |
| 600 | 1 | 4 |
_aChueca Goitia, Fernando, _d1911-2004 _938688 |
| 610 | 2 | 4 |
_aAteneo de Madrid- _xActos culturales- _y1981- _vFotografías. _91892 |
| 710 | 2 |
_aAteneo de Madrid. _bSección de Ciencias Morales y Políticas _91985 |
|
| 852 |
_aES-MaACL _jFOT 52/1981 |
||
| 856 | 4 |
_uhttp://www.ateneodemadrid.net/biblioteca_digital/imagenes/1981/0052-1981.jpg _zVer imagen |
|
| 999 |
_c3019 _d3019 |
||